Central Library OPAC University of Rajshahi

The gramophone record library / (Record no. 844)

MARC details
000 -LEADER
fixed length control field 00870cam a22002651i 4500
001 - CONTROL NUMBER
control field 844
003 - CONTROL NUMBER IDENTIFIER
rucl marc code BD-RjUL
005 - DATE AND TIME OF LATEST TRANSACTION
control field 20211208233234.0
008 - FIXED-LENGTH DATA ELEMENTS--GENERAL INFORMATION
fixed length control field 131123s1951 enk 000 0 eng
035 ## - SYSTEM CONTROL NUMBER
System control number (BD-RjUL) 866
System control number (OCoLC)4030661
040 ## - CATALOGING SOURCE
Original cataloging agency DLC
Transcribing agency CoDU
Modifying agency Uk
-- DLC
-- BD-RjUL
Language of cataloging eng
041 ## - LANGUAGE CODE
Language code of text/sound track or separate title eng
082 ## - DEWEY DECIMAL CLASSIFICATION NUMBER
Classification number 025.178
Author mark and year OVG 1951
100 1# - MAIN ENTRY--PERSONAL NAME
Personal name Overton, C. David.
9 (RLIN) 2511
245 14 - TITLE STATEMENT
Title The gramophone record library /
Statement of responsibility, etc. C. David Overton.
260 ## - PUBLICATION, DISTRIBUTION, ETC. (IMPRINT)
Place of publication, distribution, etc. London :
Name of publisher, distributor, etc. Grafton,
Date of publication, distribution, etc. 1951.
300 ## - PHYSICAL DESCRIPTION
Pagination 123 p. ;
Size 22 cm.
504 ## - BIBLIOGRAPHY, ETC. NOTE
Bibliography, etc "Periodicals containing record reviews": p. 71. "Basic gramophone record collection for a public library": p. 72-113. Bibliography: p. 114-116.
650 #0 - SUBJECT ADDED ENTRY--TOPICAL TERM
Topical term or geographic name as entry element Sound recordings
General subdivision Collectors and collecting.
9 (RLIN) 2512
Topical term or geographic name as entry element Music
Form subdivision Discography.
9 (RLIN) 2513
942 ## - ADDED ENTRY ELEMENTS (KOHA)
Source of classification or shelving scheme Dewey Decimal Classification
Koha item type Books
Holdings
Lost status Source of classification or shelving scheme Damaged status Not for loan Collection code Permanent Location Current Location Shelving location Date acquired Total Checkouts Full call number Date last seen Copy number Koha item type
  Dewey Decimal Classification   Not For Loan Non-fiction Central Library, University of Rajshahi Central Library, University of Rajshahi Reading Room 23/11/2013   025.178 OVG 1951 23/11/2013 C-1 Books